000 00278nam a2200109Ia 4500
008 240625s9999 xx 000 0 und d
041 _aeng
082 _a4.678 LAM
100 _aTODD LAMMLE
245 _aCCNA CISCO CERTIFIED NETWORK ASSOCIATE STUDY GUIDE EXAM 64
260 _c2007
999 _c34075
_d34075